000 00203nam a2200085 4500
001 1256433
005 20251229135956.0
245 _aMİDOS KARTALININ GÖZLERİ
_cGÜLTEN DAYIOĞLU
260 _bALTIN YAYINLARI
999 _c1256433
_d1256433